000 00301nam a22001337a 4500
008 170630b xxu||||| |||| 00| 0 eng d
020 _a9780198249504
041 _aeng
080 _a32
100 _a20
101 _aSHP
245 _aA GUIDE TO THE POLITICAL CLASSICS
_cFORSYTH,M
942 _2udc
_cBK
999 _c19704
_d19704